[Event "Titled Tuesday intern op 25th Jul Late"]
[Site "Chess.com INT"]
[Date "2023.07.25"]
[Round "2"]
[White "Mohamed, Saeed Laily"]
[Black "Goltsev, Dmitry"]
[Result "0-1"]
[WhiteElo "2056"]
[BlackElo "2243"]
[PlyCount "94"]
[EventDate "2023.07.25"]
[EventType "swiss (blitz)"]
[EventRounds "11"]
[EventCountry "USA"]
[SourceTitle "EXT 2024"]
[Source "ChessBase"]
[SourceDate "2023.10.10"]
[SourceVersion "1"]
[SourceVersionDate "2023.10.10"]
[SourceQuality "1"]

1. d4 Nf6 2. Bg5 e6 3. e3 h6 4. Bh4 d5 5. Nd2 c5 6. c3 Nc6 7. f4 cxd4 8. exd4 Bd6 9. Qf3 Qc7 10. Nh3 Bd7 11. Bd3 a6 12. Bf2 0-0-0 13. 0-0-0 b5 14. Kb1 Kb8 15. Rc1 Ka8 16. b4 Rb8 17. Nb3 a5 18. a3 a4 19. Nc5 Bc8 20. Kb2 Nd7 21. Qe2 Na7 22. g3 Nb6 23. Ng1 g5 24. fxg5 hxg5 25. Nf3 Nc4+ 26. Bxc4 bxc4 27. Ne5 f6 28. Ng4 f5 29. Ne5 Nb5 30. h4 g4 31. h5 Rb6 32. h6 Rh7 33. Rh5 Qe7 34. Rch1 Qf6 35. Be3 Bxc5 36. dxc5 Qxe5 37. cxb6 Qxc3+ 38. Kb1 Nxa3+ 39. Ka2 Qb3+ 40. Ka1 Nc2+ 41. Qxc2 Qxc2 42. Rg5 c3 43. Bc1 Ba6 44. Rg7 Bd3 45. b7+ Ka7 46. Be3+ Ka6 47. b8Q Qb2# 0-1

[Event "Titled Tuesday intern op 7th Mar Early"]
[Site "Chess.com INT"]
[Date "2023.03.07"]
[Round "3"]
[White "Fernandez Garcia, Gumersindo"]
[Black "Mohamed, Saeed Laily"]
[Result "0-1"]
[WhiteElo "2172"]
[BlackElo "2019"]
[PlyCount "66"]
[EventDate "2023.03.07"]
[EventType "swiss (blitz)"]
[EventRounds "11"]
[EventCountry "USA"]
[SourceTitle "EXT 2024"]
[Source "ChessBase"]
[SourceDate "2023.10.10"]
[SourceVersion "1"]
[SourceVersionDate "2023.10.10"]
[SourceQuality "1"]

1. e4 c6 2. d4 d5 3. e5 Bf5 4. h4 h5 5. Bd3 Bxd3 6. Qxd3 e6 7. c3 c5 8. Nf3 Nc6 9. Nbd2 Qb6 10. 0-0 Nh6 11. dxc5 Bxc5 12. Nb3 Be7 13. Be3 Qc7 14. Bf4 Nf5 15. g3 0-0 16. Nbd4 Ncxd4 17. cxd4 Qb6 18. Bd2 Rfc8 19. Bc3 a5 20. Nd2 Qa6 21. Qf3 g6 22. a4 Bb4 23. Rac1 Nxd4 24. Bxd4 Bxd2 25. Rcd1 Bh6 26. g4 hxg4 27. Qxg4 Qc4 28. h5 Qc2 29. Kh1 Qf5 30. Rg1 Kh7 31. hxg6+ fxg6 32. Qxf5 gxf5 33. Rc1 Bxc1 0-1

[Event "Titled Tuesday intern op 7th Mar Early"]
[Site "Chess.com INT"]
[Date "2023.03.07"]
[Round "1"]
[White "Mohamed, Saeed Laily"]
[Black "Ilinca Ilinca, Felix Antonio"]
[Result "0-1"]
[WhiteElo "2019"]
[BlackElo "2241"]
[PlyCount "40"]
[EventDate "2023.03.07"]
[EventType "swiss (blitz)"]
[EventRounds "11"]
[EventCountry "USA"]
[SourceTitle "EXT 2024"]
[Source "ChessBase"]
[SourceDate "2023.10.10"]
[SourceVersion "1"]
[SourceVersionDate "2023.10.10"]
[SourceQuality "1"]

1. d4 Nf6 2. c4 c5 3. d5 b5 4. cxb5 a6 5. bxa6 e6 6. Nc3 exd5 7. Nxd5 Nxd5 8. Qxd5 Nc6 9. Nf3 Bxa6 10. g3 Be7 11. Bg2 0-0 12. 0-0 Rb8 13. Rd1 Bxe2 14. Re1 Nb4 15. Qe4 Bxf3 16. Bxf3 Bf6 17. a3 d5 18. Qe2 Nc6 19. Rb1 Nd4 20. Qd3 Rb3 0-1

[Event "Titled Tuesday intern op 7th Mar Early"]
[Site "Chess.com INT"]
[Date "2023.03.07"]
[Round "5"]
[White "Mohamed, Saeed Laily"]
[Black "Womacka, Mathias"]
[Result "1-0"]
[WhiteElo "2019"]
[BlackElo "2403"]
[PlyCount "63"]
[EventDate "2023.03.07"]
[EventType "swiss (blitz)"]
[EventRounds "11"]
[EventCountry "USA"]
[SourceTitle "EXT 2024"]
[Source "ChessBase"]
[SourceDate "2023.10.10"]
[SourceVersion "1"]
[SourceVersionDate "2023.10.10"]
[SourceQuality "1"]

1. d4 Nf6 2. c3 e6 3. Nf3 c5 4. g3 d5 5. Bg2 Be7 6. 0-0 0-0 7. Nbd2 Nc6 8. dxc5 Bxc5 9. Nb3 Bb6 10. Bf4 Qe7 11. Ne5 Nh5 12. e3 Nxf4 13. exf4 Nxe5 14. fxe5 Bd7 15. Nd4 Rac8 16. f4 Rc4 17. f5 exf5 18. Bxd5 Rc7 19. Re1 Bc8 20. Qf3 Rd8 21. Rad1 Rcd7 22. c4 Bc5 23. Kg2 Rc7 24. Nxf5 Qf8 25. Rf1 Re8 26. Rde1 Bb4 27. Re2 Bxf5 28. Qxf5 Rce7 29. h4 g6 30. Qf6 Qg7 31. Ref2 Qxf6 32. Rxf6 1-0

[Event "Abu Dhabi President Cup"]
[Site "Abu Dhabi"]
[Date "2022.12.22"]
[Round "8"]
[White "Al Blooshi, Hamad Essa"]
[Black "Mohamed, Saeed Laily"]
[Result "0-1"]
[WhiteElo "1412"]
[BlackElo "1981"]
[PlyCount "94"]
[EventDate "2022.12.16"]
[EventType "swiss"]
[EventRounds "9"]
[EventCountry "UAE"]
[SourceTitle "CBM 212 Extra"]
[Source "ChessBase"]
[SourceDate "2023.03.31"]
[SourceVersion "1"]
[SourceVersionDate "2023.03.31"]
[SourceQuality "1"]

1. d4 d5 2. c4 e6 3. Nc3 Nf6 4. cxd5 exd5 5. Bg5 Be7 6. e3 c6 7. Qc2 0-0 8. Bd3 Nbd7 9. Nge2 Re8 10. 0-0 Nf8 11. f3 Ng6 12. Rad1 Qd7 13. h3 Ng4 14. hxg4 Bxg5 15. f4 Bd8 16. f5 Nf8 17. Rf3 h6 18. e4 dxe4 19. Nxe4 Nh7 20. Rdf1 Nf6 21. Nxf6+ Bxf6 22. Kh1 b6 23. Ng3 Bb7 24. Ne4 Qxd4 25. Rf4 Rad8 26. Nxf6+ Qxf6 27. Bc4 c5 28. a4 Re3 29. Kg1 Rg3 30. R1f2 Rd4 31. Bf1 Rxg4 32. Rxg4 Rxg4 33. a5 Qd4 34. a6 Bc6 35. f6 Rf4 36. fxg7 Qxf2+ 37. Qxf2 Rxf2 38. Kxf2 Kxg7 39. Ke3 f5 40. g3 Kf6 41. Kf4 Bd7 42. Bd3 b5 43. Be2 c4 44. Bf3 b4 45. Bd5 Bb5 46. Bb7 c3 47. bxc3 b3 0-1

[Event "Abu Dhabi President Cup"]
[Site "Abu Dhabi"]
[Date "2022.12.20"]
[Round "6"]
[White "Mohamed, Saeed Laily"]
[Black "Al Hosani, Omran"]
[Result "1/2-1/2"]
[WhiteElo "1981"]
[BlackElo "2274"]
[PlyCount "60"]
[EventDate "2022.12.16"]
[EventType "swiss"]
[EventRounds "9"]
[EventCountry "UAE"]
[SourceTitle "CBM 212 Extra"]
[Source "ChessBase"]
[SourceDate "2023.03.31"]
[SourceVersion "1"]
[SourceVersionDate "2023.03.31"]
[SourceQuality "1"]

1. d4 Nf6 2. c4 g6 3. Nc3 d5 4. cxd5 Nxd5 5. Bd2 Bg7 6. e4 Nb6 7. Nf3 0-0 8. Be3 Bg4 9. Be2 Nc6 10. d5 Bxf3 11. gxf3 Ne5 12. Bd4 c5 13. Bxc5 Nec4 14. Qb3 Nxb2 15. Rc1 Bxc3+ 16. Qxc3 N2a4 17. Qe3 Nxc5 18. Rxc5 Nd7 19. Rc1 Qa5+ 20. Qd2 Qb6 21. 0-0 Qd6 22. f4 e5 23. fxe5 Qxe5 24. Rc4 Nb6 25. Rb4 Rac8 26. f4 Qd6 27. Rd4 Qc5 28. Kg2 Rfd8 29. Rd1 Qa3 30. Rd3 Qa4 1/2-1/2

[Event "Titled Tuesday intern op 08th Nov Early"]
[Site "Chess.com INT"]
[Date "2022.11.08"]
[Round "2"]
[White "Mohamed, Saeed Laily"]
[Black "Shuvalov, Evgenij"]
[Result "0-1"]
[WhiteElo "2014"]
[BlackElo "2149"]
[PlyCount "70"]
[EventDate "2022.11.08"]
[EventType "swiss (blitz)"]
[EventRounds "11"]
[EventCountry "USA"]
[SourceTitle "EXT 2024"]
[Source "ChessBase"]
[SourceDate "2023.10.10"]
[SourceVersion "1"]
[SourceVersionDate "2023.10.10"]
[SourceQuality "1"]

1. d4 Nf6 2. Bg5 d5 3. e3 Bg4 4. f3 Bh5 5. c3 c6 6. Nd2 Nbd7 7. Bd3 e5 8. g4 Bg6 9. Bxg6 hxg6 10. Ne2 Bd6 11. dxe5 Nxe5 12. Qc2 Qb6 13. 0-0-0 0-0-0 14. h4 Rde8 15. Kb1 Kb8 16. Bf4 Qc7 17. e4 dxe4 18. Nxe4 Nxe4 19. Qxe4 f6 20. Ng3 Ka8 21. Qd4 Rd8 22. Qf2 Nxg4 23. fxg4 Bxf4 24. Ne4 Be5 25. Nc5 Qb6 26. b4 Bxc3 27. Rxd8+ Rxd8 28. a3 Bd4 29. Qc2 Bxc5 30. Qxc5 Qxc5 31. bxc5 Kb8 32. Re1 Rd7 33. Kb2 Kc7 34. Kc3 Kd8 35. Kc4 Rd2 0-1

[Event "Titled Tuesday intern op 25th Oct Early"]
[Site "Chess.com INT"]
[Date "2022.10.25"]
[Round "7"]
[White "Bashirli, Saadat"]
[Black "Mohamed, Saeed Laily"]
[Result "1-0"]
[WhiteElo "1508"]
[BlackElo "1974"]
[PlyCount "99"]
[EventDate "2022.10.25"]
[EventType "swiss (blitz)"]
[EventRounds "11"]
[EventCountry "USA"]
[SourceTitle "EXT 2024"]
[Source "ChessBase"]
[SourceDate "2023.10.10"]
[SourceVersion "1"]
[SourceVersionDate "2023.10.10"]
[SourceQuality "1"]

1. d4 d5 2. c4 e6 3. Nc3 Nf6 4. cxd5 exd5 5. Bg5 Be7 6. e3 c6 7. Bd3 0-0 8. Nge2 Nbd7 9. 0-0 Re8 10. Qc2 Nf8 11. Rae1 Ne4 12. Bxe7 Qxe7 13. f3 Nxc3 14. Nxc3 Be6 15. e4 dxe4 16. fxe4 Rad8 17. Qf2 Qd7 18. Ne2 Ng6 19. h4 Rf8 20. h5 Ne7 21. Qf4 f5 22. Qe5 fxe4 23. Bxe4 Nd5 24. Nc3 Nf6 25. Bxh7+ Kxh7 26. Qxe6 Qxd4+ 27. Kh1 Qh4+ 28. Kg1 Qxh5 29. Rf5 Qg6 30. Ref1 Rd2 31. R5f2 Rxf2 32. Rxf2 Re8 33. Qh3+ Kg8 34. g3 Ng4 35. Rf1 Re3 36. Kh1 Nf6 37. Rg1 Nh5 38. Kh2 Qc2+ 39. Rg2 Qg6 40. Qc8+ Kh7 41. Qh3 b5 42. Ne2 Re5 43. Nf4 Qh6 44. Kg1 Nxf4 45. Qxh6+ Kxh6 46. gxf4 Rf5 47. Rc2 c5 48. Kg2 Kh5 49. Kg3 g6 50. Rh2# 1-0

[Event "Titled Tuesday intern op 25th Oct Early"]
[Site "Chess.com INT"]
[Date "2022.10.25"]
[Round "2"]
[White "Mohamed, Saeed Laily"]
[Black "Parpiev, Isaak"]
[Result "0-1"]
[WhiteElo "1974"]
[BlackElo "2158"]
[PlyCount "54"]
[EventDate "2022.10.25"]
[EventType "swiss (blitz)"]
[EventRounds "11"]
[EventCountry "USA"]
[SourceTitle "EXT 2024"]
[Source "ChessBase"]
[SourceDate "2023.10.10"]
[SourceVersion "1"]
[SourceVersionDate "2023.10.10"]
[SourceQuality "1"]

1. d4 Nf6 2. Bg5 d5 3. e3 c5 4. c3 Nc6 5. f4 Ne4 6. Bh4 Qb6 7. Qb3 c4 8. Qxb6 axb6 9. Nd2 Bf5 10. Be2 b5 11. g4 Nxd2 12. Kxd2 Be4 13. Nf3 b4 14. cxb4 Nxb4 15. a3 e6 16. Rhc1 Nc6 17. Ng5 Bg6 18. f5 exf5 19. gxf5 Bxf5 20. e4 h6 21. Nxf7 Kxf7 22. exf5 Nxd4 23. Bh5+ Kg8 24. Kc3 Nxf5 25. Bf2 Be7 26. Bg6 Bf6+ 27. Kd2 Ne7 0-1

[Event "Olympiad-44"]
[Site "Chennai"]
[Date "2022.08.09"]
[Round "11.4"]
[White "Mohamed, Saeed Laily"]
[Black "Vazquez, Facundo"]
[Result "0-1"]
[WhiteElo "2030"]
[BlackElo "2336"]
[PlyCount "88"]
[EventDate "2022.07.29"]
[EventType "team-swiss"]
[EventRounds "11"]
[EventCountry "IND"]
[SourceTitle "CBM 210"]
[Source "ChessBase"]
[SourceDate "2022.10.31"]
[SourceVersion "1"]
[SourceVersionDate "2022.10.31"]
[SourceQuality "1"]
[WhiteTeam "United Arab Emirates"]
[BlackTeam "Uruguay"]
[WhiteTeamCountry "UAE"]
[BlackTeamCountry "URU"]

1. d4 Nf6 2. c4 e6 3. Nf3 d5 4. g3 dxc4 5. Qa4+ Nbd7 6. Qxc4 a6 7. Bg2 b5 8. Qc2 Bb7 9. 0-0 c5 10. Nbd2 Rc8 11. dxc5 Bxc5 12. Qd1 0-0 13. Nb3 Bb6 14. Bf4 Bd5 15. Ne5 Bxg2 16. Kxg2 Nd5 17. Nxd7 Qxd7 18. Rc1 Qb7 19. Kg1 Nxf4 20. gxf4 Rxc1 21. Qxc1 Qe4 22. e3 e5 23. fxe5 Qxe5 24. Nd2 Rd8 25. Rd1 Qd5 26. Kf1 Ba5 27. Ke2 Qxa2 28. Qc2 Bxd2 29. Rxd2 Rxd2+ 30. Qxd2 Qc4+ 31. Kf3 h5 32. e4 Qb3+ 33. Kg2 g6 34. Qd8+ Kh7 35. Qd4 a5 36. f4 Qe6 37. h3 a4 38. e5 Qc4 39. Qd7 Qe4+ 40. Kg3 h4+ 41. Kh2 Qxf4+ 42. Kg2 Qe4+ 43. Kh2 Qxe5+ 44. Kh1 Qf5 0-1

[Event "Olympiad-44"]
[Site "Chennai"]
[Date "2022.08.06"]
[Round "8.3"]
[White "Mohamed, Saeed Laily"]
[Black "Olson, Hamish"]
[Result "0-1"]
[WhiteElo "2030"]
[BlackElo "2343"]
[PlyCount "124"]
[EventDate "2022.07.29"]
[EventType "team-swiss"]
[EventRounds "11"]
[EventCountry "IND"]
[SourceTitle "CBM 210"]
[Source "ChessBase"]
[SourceDate "2022.10.31"]
[SourceVersion "1"]
[SourceVersionDate "2022.10.31"]
[SourceQuality "1"]
[WhiteTeam "United Arab Emirates"]
[BlackTeam "Scotland"]
[WhiteTeamCountry "UAE"]
[BlackTeamCountry "SCO"]

1. d4 d5 2. Bf4 c5 3. e3 cxd4 4. exd4 Nc6 5. c3 Bf5 6. Bd3 Bxd3 7. Qxd3 e6 8. Nd2 Bd6 9. Ne2 Nf6 10. 0-0 0-0 11. Qf3 Rc8 12. Nc1 e5 13. dxe5 Nxe5 14. Bxe5 Bxe5 15. Nd3 Bb8 16. Nb3 Ne4 17. Rad1 Ng5 18. Qh5 Rc6 19. f4 Qb6+ 20. Nd4 Ne6 21. Qxd5 Rd8 22. Qb5 Nxd4 23. Qxb6 Rxb6 24. cxd4 Rbd6 25. Nc5 Rxd4 26. Rxd4 Rxd4 27. Nxb7 Bc7 28. Rc1 Bb6 29. Kf1 Rxf4+ 30. Ke2 g6 31. Nc5 Kg7 32. g3 Rd4 33. Rc2 h5 34. a3 h4 35. b4 Kh6 36. Rc3 f5 37. Kf3 Rd2 38. gxh4 Rxh2 39. Rc4 Rh3+ 40. Kg2 Rxa3 41. Ne6 Re3 42. Ng5 Kh5 43. Nf3 Re4 44. Rc8 Kg4 45. Rc2 Rxb4 46. Ne5+ Kxh4 47. Nxg6+ Kg5 48. Ne5 Re4 49. Nf3+ Kf4 50. Rb2 Ra4 51. Re2 Ra3 52. Ne1 Re3 53. Rf2+ Kg4 54. Nf3 f4 55. Nh2+ Kf5 56. Nf1 Re1 57. Rf3 Re2+ 58. Kh1 Kg4 59. Rb3 Re1 60. Kg2 f3+ 61. Kh2 Rxf1 62. Rxb6 Rf2+ 0-1

[Event "Olympiad-44"]
[Site "Chennai"]
[Date "2022.08.03"]
[Round "6.3"]
[White "Amako, Marc Arnold"]
[Black "Mohamed, Saeed Laily"]
[Result "0-1"]
[WhiteElo "1547"]
[BlackElo "2030"]
[PlyCount "92"]
[EventDate "2022.07.29"]
[EventType "team-swiss"]
[EventRounds "11"]
[EventCountry "IND"]
[SourceTitle "CBM 210"]
[Source "ChessBase"]
[SourceDate "2022.10.31"]
[SourceVersion "1"]
[SourceVersionDate "2022.10.31"]
[SourceQuality "1"]
[WhiteTeam "Ivory Coast"]
[BlackTeam "United Arab Emirates"]
[WhiteTeamCountry "IVO"]
[BlackTeamCountry "UAE"]

1. e4 c6 2. d4 d5 3. e5 Bf5 4. h4 c5 5. dxc5 Nc6 6. Bb5 Qc7 7. Bf4 Rd8 8. b4 h5 9. Ne2 e6 10. Nd4 Nge7 11. Nd2 Ng6 12. Bxc6+ bxc6 13. Nxf5 exf5 14. Qf3 Be7 15. Bg3 f4 16. Bxf4 Nxh4 17. Qg3 Nf5 18. Qd3 Qd7 19. Nf3 g6 20. g4 Ng7 21. gxh5 Nxh5 22. 0-0-0 a5 23. c3 axb4 24. cxb4 Qa7 25. a3 Ra8 26. e6 Qxa3+ 27. Qxa3 Rxa3 28. exf7+ Kxf7 29. Ne5+ Kf6 30. Nxc6 Rha8 31. Be5+ Kf7 32. Bb2 Bg5+ 33. Kc2 Ra2 34. Kb3 Bf6 35. Nd4 Nf4 36. Ra1 Rxb2+ 37. Kxb2 Bxd4+ 38. Kc2 Rxa1 39. Rh7+ Bg7 40. c6 Ne6 41. Kb3 Nd4+ 42. Kb2 Nxc6+ 43. Rxg7+ Kxg7 44. Kxa1 Nxb4 45. Kb2 Nc6 46. Kc3 Kf6 0-1

[Event "Olympiad-44"]
[Site "Chennai"]
[Date "2022.07.30"]
[Round "2.3"]
[White "Badji, Sekou Aransbene"]
[Black "Mohamed, Saeed Laily"]
[Result "0-1"]
[WhiteElo "1732"]
[BlackElo "2030"]
[PlyCount "46"]
[EventDate "2022.07.29"]
[EventType "team-swiss"]
[EventRounds "11"]
[EventCountry "IND"]
[SourceTitle "CBM 210"]
[Source "ChessBase"]
[SourceDate "2022.10.31"]
[SourceVersion "1"]
[SourceVersionDate "2022.10.31"]
[SourceQuality "1"]
[WhiteTeam "Senegal"]
[BlackTeam "United Arab Emirates"]
[WhiteTeamCountry "SEN"]
[BlackTeamCountry "UAE"]

1. d4 d5 2. Nf3 Bf5 3. c4 e6 4. Nc3 Nc6 5. Bf4 Nf6 6. e3 Bd6 7. Bg3 0-0 8. Be2 h6 9. 0-0 Bxg3 10. hxg3 dxc4 11. Bxc4 a6 12. a4 Qe7 13. Bd3 Bg4 14. Na2 Rfd8 15. Qb3 Rab8 16. Rac1 Bxf3 17. gxf3 e5 18. dxe5 Nxe5 19. Be2 Rd2 20. Rfe1 Rxe2 21. Rxe2 Nxf3+ 22. Kf1 Qe4 23. Rc4 Nd4 0-1

[Event "Sharjah Rapid op 27th"]
[Site "Sharjah"]
[Date "2022.04.07"]
[Round "8"]
[White "Mohamed, Saeed Laily"]
[Black "Zubarev, Alexander2222"]
[Result "0-1"]
[WhiteElo "2030"]
[BlackElo "2372"]
[PlyCount "66"]
[EventDate "2022.04.06"]
[EventType "swiss (rapid)"]
[EventRounds "9"]
[EventCountry "UAE"]
[SourceTitle "CBM 207 Extra"]
[Source "ChessBase"]
[SourceDate "2022.05.31"]
[SourceVersion "1"]
[SourceVersionDate "2022.05.31"]
[SourceQuality "1"]

1. d4 g6 2. e4 Bg7 3. Nc3 d6 4. Be3 a6 5. f3 Nd7 6. Qd2 b5 7. g4 h5 8. g5 e5 9. h4 Ne7 10. Nge2 b4 11. Nd1 0-0 12. Ng3 d5 13. Be2 c5 14. c3 bxc3 15. bxc3 cxd4 16. cxd4 Nc6 17. Rc1 Nxd4 18. Bxd4 exd4 19. 0-0 dxe4 20. Nxe4 Ne5 21. Ndf2 Ra7 22. Rfd1 Rd7 23. Nc5 Rd5 24. Nfe4 d3 25. Nxd3 Rxd3 26. Qxd3 Nxd3 27. Rxd3 Qb6+ 28. Kg2 Qb2 29. Re1 Bf5 30. Rd2 Qb4 31. Red1 Bxe4 32. fxe4 Qxe4+ 33. Bf3 Qxh4 0-1

[Event "Online Olym Div3 C"]
[Site "Chess.com INT"]
[Date "2021.08.28"]
[Round "4.4"]
[White "Mohamed, Saeed Laily"]
[Black "Khaleda, A Hemaid"]
[Result "0-1"]
[WhiteElo "1904"]
[BlackElo "1946"]
[PlyCount "124"]
[EventDate "2021.08.27"]
[EventType "team-tourn (rapid)"]
[EventRounds "9"]
[EventCountry "USA"]
[SourceTitle "CBM 204 Extra"]
[Source "ChessBase"]
[SourceDate "2021.11.30"]
[SourceVersion "1"]
[SourceVersionDate "2021.11.30"]
[SourceQuality "1"]
[WhiteTeam "United Arab Emirates"]
[BlackTeam "Palestine"]
[WhiteTeamCountry "UAE"]
[BlackTeamCountry "PLE"]

1. d4 Nf6 2. Nc3 d5 3. Bf4 Bf5 4. e3 c6 5. f3 Bg6 6. g4 h6 7. h4 e6 8. h5 Bh7 9. Bd3 Bd6 10. Nge2 Qe7 11. Bxh7 Nxh7 12. Ng3 Nd7 13. Qe2 0-0-0 14. 0-0-0 Ng5 15. Bxd6 Qxd6 16. f4 Nh7 17. Qf3 Kb8 18. e4 dxe4 19. Ngxe4 Qc7 20. Ng3 Nhf6 21. Nce4 Nd5 22. Rhf1 Rhf8 23. c4 f5 24. gxf5 exf5 25. Nc3 Nxc3 26. Qxc3 Nf6 27. Rde1 Qd7 28. Rd1 Rfe8 29. Qd3 Ne4 30. d5 Qf7 31. Nxe4 Rxe4 32. Qb3 Rde8 33. dxc6 Qxc4+ 34. Qxc4 Rxc4+ 35. Kb1 Rxc6 36. Rd7 Rc7 37. Rfd1 Kc8 38. R7d5 Rf8 39. Re1 b6 40. Ree5 Rcf7 41. b4 Kc7 42. b5 Rd7 43. Rxf5 Rxd5 44. Rxf8 Rxb5+ 45. Kc2 Rd5 46. Rf7+ Rd7 47. Rf5 Kc6 48. Kc3 a5 49. Re5 Kd6 50. a4 Rf7 51. Rb5 Kc6 52. f5 Re7 53. Kd4 Re1 54. Re5 Rxe5 55. Kxe5 b5 56. axb5+ Kxb5 57. Ke6 a4 58. Kf7 a3 59. Kxg7 a2 60. f6 a1Q 61. Kg6 Kc6 62. f7 Qh8 0-1

[Event "Asia Nations online Cup"]
[Site "Chess.com INT"]
[Date "2020.10.16"]
[Round "5.16"]
[White "Mohamed, Saeed Laily"]
[Black "Masrahi, Abdulrahman A"]
[Result "0-1"]
[WhiteElo "1906"]
[BlackElo "1989"]
[PlyCount "40"]
[EventDate "2020.10.10"]
[EventType "team-swiss (rapid)"]
[EventRounds "9"]
[EventCountry "IND"]
[SourceTitle "CBM 198 Extra"]
[Source "ChessBase"]
[SourceDate "2020.11.30"]
[SourceVersion "1"]
[SourceVersionDate "2020.11.30"]
[SourceQuality "1"]
[WhiteTeam "United Arab Emirates"]
[BlackTeam "Saudi Arabia"]
[WhiteTeamCountry "UAE"]
[BlackTeamCountry "SAU"]

1. d4 d5 2. Bf4 Nf6 3. e3 c5 4. Nc3 a6 5. Nf3 Nc6 6. a3 e6 7. dxc5 Bxc5 8. Bd3 0-0 9. 0-0 Qe7 10. e4 d4 11. e5 Nd5 12. Bxh7+ Kxh7 13. Ng5+ Kg6 14. Qg4 f5 15. Qh4 Nxf4 16. Qh7+ Kxg5 17. h4+ Kg4 18. g3 dxc3 19. gxf4 Qxh4 20. Qxg7+ Kxf4 0-1